[Event "DRUZYNOWE MISTRZOSTWA POLSKI 2014 - SYGNITY EKSTRALIGA"]
[Site "Gorzow Wlkp, Wroclaw, Katowice"]
[Date "2014-00-00"]
[Round "5.3"]
[White "Socko, Bartosz"]
[Black "Olszewski, Michal"]
[Result "1/2-1/2"]
[WhiteTitle "GM"]
[BlackTitle "GM"]
[WhiteElo "2611"]
[BlackElo "2549"]

1. d4 Nf6 2. c4 e6 3. Nf3 b6 4. g3 Ba6 5. Qb3 Nc6 6. Nbd2 d5 7. Qa4 Bb7 8. Ne5
Bd6 9. cxd5 Nxd5 10. Nxc6 Qd7 11. e4 Bxc6 12. Qc2 Nb4 13. Qc3 O-O 14. a3 a5 15.
b3 f5 16. axb4 Bxb4 17. Qe3 Rad8 18. Bb2 fxe4 19. O-O-O Bxd2+ 20. Rxd2 Rf3 21.
Qe2 Rxb3 22. Bg2 e3 23. fxe3 Bxg2 24. Qxg2 Rxe3 25. Rc2 a4 26. Qc6 b5 27. Rf1
a3 28. Qxd7 Rxd7 29. Bc3 h6 30. Kd2 Re4 31. Kd3 Rg4 32. Rb1 Rd5 33. Ba1 e5 34.
Rxc7 exd4 35. Rb4 h5 36. Bxd4 h4 37. gxh4 Rh5 38. Bc3 Rxb4 39. Bxb4 Rxh4 40. Bd6
b4 41. Kc2 Rh6 42. Be5 Rh5 43. Rc5 a2 44. Kb2 b3 45. Bd6 Rh6 46. Rd5 Rf6 47. Rd1
Rf2+ 48. Kxb3 Rd2 49. Ra1 Rxd6 1/2-1/2

[Event "DRUZYNOWE MISTRZOSTWA POLSKI 2014 - SYGNITY EKSTRALIGA"]
[Site "Gorzow Wlkp, Wroclaw, Katowice"]
[Date "2014-00-00"]
[Round "5.4"]
[White "Szelag, Marcin"]
[Black "Miton, Kamil"]
[Result "1-0"]
[WhiteTitle "IM"]
[BlackTitle "GM"]
[WhiteElo "2456"]
[BlackElo "2593"]

1. e4 c5 2. Nf3 d6 3. d4 cxd4 4. Nxd4 Nf6 5. Nc3 a6 6. Be3 e5 7. Nb3 Be6 8. f3
Nbd7 9. g4 b5 10. g5 b4 11. Ne2 Ng8 12. h4 h6 13. Rg1 hxg5 14. hxg5 Ne7 15. f4
g6 16. Qd2 a5 17. O-O-O a4 18. Nbd4 exd4 19. Nxd4 b3 20. cxb3 axb3 21. a3 Bg7
22. Kb1 Nc5 23. Nxe6 fxe6 24. Bd4 Nxe4 25. Qe3 Nf5 26. Qxe4 Nxd4 27. Rxd4 Bxd4
28. Qxd4 Kf7 29. Bc4 d5 30. Bxb3 Rb8 31. Bc2 Rh2 32. Re1 Rb6 33. Qe5 Rh4 34. Bd3
Rc6 35. Bb5 Rb6 36. Bd3 Rc6 37. Bb5 Rb6 38. a4 Qe7 39. Rc1 Rd6 40. Rc8 Rh1+ 41.
Ka2 1-0

[Event "DRUZYNOWE MISTRZOSTWA POLSKI 2014 - SYGNITY EKSTRALIGA"]
[Site "Gorzow Wlkp, Wroclaw, Katowice"]
[Date "2014-00-00"]
[Round "5.5"]
[White "Bulski, Krzysztof"]
[Black "Tomczak, Jacek"]
[Result "0-1"]
[WhiteTitle "GM"]
[BlackTitle "GM"]
[WhiteElo "2520"]
[BlackElo "2560"]

1. Nf3 Nf6 2. c4 c5 3. Nc3 d5 4. cxd5 Nxd5 5. g3 Nc6 6. Bg2 Nc7 7. O-O e5 8. a3
f6 9. d3 Be7 10. Be3 O-O 11. Nd2 Kh8 12. Rc1 Bd7 13. Na4 b6 14. b4 f5 15. f4 exf4
16. Bxf4 Ne6 17. b5 Ncd4 18. Bxa8 Qxa8 19. Nc3 Nxb5 20. Nxb5 Bxb5 21. Nf3 Qd5
22. Be5 Ng5 23. Bb2 Bc6 24. Rc4 b5 25. Rc2 f4 26. Qa1 Rf7 27. gxf4 Nh3+ 28. Kh1
Nxf4 29. Rg1 Bf8 30. Rg3 Qe6 31. e4 Nh5 32. Ng5 Nxg3+ 33. Kg2 Nxe4 34. Nxe6 Ng5+
35. Kg3 Rf3+ 36. Kg4 Nxe6 37. Re2 h5+ 38. Kxh5 Nf4+ 39. Kg4 Nxe2 40. Be5 Rxd3
0-1

[Event "DRUZYNOWE MISTRZOSTWA POLSKI 2014 - SYGNITY EKSTRALIGA"]
[Site "Gorzow Wlkp, Wroclaw, Katowice"]
[Date "2014-00-00"]
[Round "5.7"]
[White "Maksimenko, Andrei"]
[Black "Klekowski, Maciej"]
[Result "1/2-1/2"]
[WhiteTitle "GM"]
[BlackTitle "m"]
[WhiteElo "2493"]
[BlackElo "2425"]

1. d4 Nf6 2. c4 e6 3. Nf3 b6 4. g3 Bb4+ 5. Bd2 Bxd2+ 6. Qxd2 Ba6 7. b3 d5 8. cxd5
Ne4 9. Qc2 exd5 10. Nc3 Nxc3 11. Qxc3 O-O 12. Rc1 c6 13. e3 Bxf1 14. Kxf1 Qe7
15. Kg2 Rc8 16. Ne5 f6 17. Nd3 Nd7 18. Nf4 f5 19. Qd3 g6 20. Rc2 Nf6 21. h4 Rc7
22. Rhc1 Rac8 23. Qd1 Qd6 24. Nd3 Kg7 25. Qf3 c5 26. dxc5 bxc5 27. Qf4 Qb6 28.
Qe5 Kf7 29. Qf4 Kg7 30. Qe5 Kf7 31. Kg1 Re8 32. Qb2 Rec8 33. Qe5 Re8 34. Qb2 Rec8
35. Ne5+ Ke7 36. Qa3 Qd6 37. Qb2 Ne4 38. Rd1 Rd8 39. Kg2 Nf6 40. Nf3 Rdc8 41.
Rcd2 Rd8 42. Rc1 Kf7 1/2-1/2

[Event "DRUZYNOWE MISTRZOSTWA POLSKI 2014 - SYGNITY EKSTRALIGA"]
[Site "Gorzow Wlkp, Wroclaw, Katowice"]
[Date "2014-00-00"]
[Round "5.8"]
[White "Matuszewski, Michal"]
[Black "Heberla, Bartlomiej"]
[Result "1/2-1/2"]
[WhiteTitle "IM"]
[BlackTitle "GM"]
[WhiteElo "2450"]
[BlackElo "2567"]

1. d4 Nf6 2. Nf3 g6 3. Bg5 Bg7 4. Nbd2 c5 5. c3 cxd4 6. Nxd4 Nc6 7. e4 Nxd4 8.
cxd4 Qa5 9. e5 Nd5 10. Bc4 f6 11. O-O fxg5 12. Nb3 Qd8 13. Bxd5 e6 14. Bf3 O-O
15. Rc1 Rb8 16. Qe2 d5 17. exd6 Qxd6 18. Rfd1 Kh8 19. Na5 Bxd4 20. Nb3 e5 21.
Nxd4 exd4 22. Rc4 Bf5 23. Rcxd4 Qf6 24. Qd2 Rf7 25. Rd6 Qg7 26. Qxg5 Qxb2 27.
h4 Rbf8 28. h5 gxh5 29. Rd8 Bg6 30. Rxf8+ Rxf8 31. Rd8 Rxd8 32. Qxd8+ Kg7 33.
Qc7+ Kf6 34. Qd6+ Kg7 35. Qc7+ Kf6 36. Qd6+ Kg7 37. Qc7+ Kf6 1/2-1/2

[Event "DRUZYNOWE MISTRZOSTWA POLSKI 2014 - SYGNITY EKSTRALIGA"]
[Site "Gorzow Wlkp, Wroclaw, Katowice"]
[Date "2014-00-00"]
[Round "5.9"]
[White "Antoniewski, Rafal"]
[Black "Mikrut, Dariusz"]
[Result "1-0"]
[WhiteTitle "GM"]
[BlackTitle "IM"]
[WhiteElo "2552"]
[BlackElo "2363"]

1. d4 Nf6 2. c4 g6 3. g3 Bg7 4. Bg2 d5 5. Nf3 O-O 6. O-O Nc6 7. cxd5 Nxd5 8. Nc3
Nb6 9. e3 Re8 10. a3 e5 11. d5 Na5 12. e4 c6 13. Bg5 f6 14. Be3 cxd5 15. Bxb6
axb6 16. Nxd5 Be6 17. Rc1 Bxd5 18. exd5 e4 19. Nd2 Qxd5 20. Nxe4 Qxd1 21. Rfxd1
Rad8 22. Nd6 Re7 23. Nc8 Red7 24. Rxd7 Rxd7 25. Nxb6 Rd6 26. Bd5+ 1-0

[Event "DRUZYNOWE MISTRZOSTWA POLSKI 2014 - SYGNITY EKSTRALIGA"]
[Site "Gorzow Wlkp, Wroclaw, Katowice"]
[Date "2014-00-00"]
[Round "5.10"]
[White "Brzeski, Maciej"]
[Black "Jaracz, Pawel"]
[Result "0-1"]
[WhiteTitle "m"]
[BlackTitle "GM"]
[WhiteElo "2333"]
[BlackElo "2505"]

1. e4 e5 2. Nf3 Nc6 3. Bb5 a6 4. Ba4 Nf6 5. O-O Bc5 6. c3 b5 7. Bb3 d6 8. d4 Bb6
9. dxe5 Nxe5 10. Bg5 Bb7 11. Nbd2 h6 12. Bh4 Ng6 13. Bg3 O-O 14. Re1 Nh5 15. Nf1
Qf6 16. Nd4 Nxg3 17. Nxg3 Rfe8 18. Ndf5 Nh4 19. Qg4 Nxf5 20. Nxf5 Re5 21. Bc2
Rae8 22. h4 d5 23. Ne3 dxe4 24. g3 h5 25. Qe2 g6 26. Rad1 Qf3 27. Bb3 Kf8 28.
Rd7 R5e7 29. Qd2 Rxd7 30. Qxd7 Qf6 31. Rd1 Bc6 32. Qd2 Kg7 33. Qe2 Qf3 34. Rd2
Qxe2 35. Rxe2 Rd8 36. Kf1 f5 37. Ke1 Kf6 38. Rd2 Rxd2 39. Kxd2 g5 40. hxg5+ Kxg5
41. Bf7 Bd7 42. Ke2 Bc5 43. a3 Bd6 44. Ng2 a5 45. Ke3 Bc5+ 46. Ke2 b4 47. axb4
axb4 48. Ne3 bxc3 49. bxc3 Bd6 50. f4+ exf3+ 51. Kxf3 Bxg3 52. Nxf5 Be1 53. Ng3
Bg4+ 54. Kg2 h4 55. Ne4+ Kf4 56. Nf6 h3+ 57. Kg1 Be2 58. Be6 Bxc3 59. Kf2 h2 60.
Nd5+ Ke5 61. Kg2 Bf3+ 62. Kf2 Be2 63. Nf6 Kf4 64. Bd5 Bxf6 65. Kxe2 Kg3 66. Kf1
c5 67. Bc4 Kf4 68. Ke2 Bc3 69. Bd5 Bf6 70. Kf1 Kg3 71. Ke2 0-1

[Event "DRUZYNOWE MISTRZOSTWA POLSKI 2014 - SYGNITY EKSTRALIGA"]
[Site "Gorzow Wlkp, Wroclaw, Katowice"]
[Date "2014-00-00"]
[Round "5.11"]
[White "Grabarczyk, Miroslaw"]
[Black "Barski, Radoslaw"]
[Result "1-0"]
[WhiteTitle "GM"]
[BlackTitle "k++"]
[WhiteElo "2480"]
[BlackElo "2263"]

1. d4 Nf6 2. c4 g6 3. Nf3 Bg7 4. g3 O-O 5. Bg2 d6 6. Nc3 Nbd7 7. O-O e5 8. e4 exd4
9. Nxd4 Re8 10. h3 a6 11. Bf4 Rb8 12. Rc1 Ne5 13. b3 c5 14. Nf3 Nxf3+ 15. Qxf3
Nh5 16. Be3 Qa5 17. Bd2 Be6 18. Rfd1 b5 19. g4 Nf6 20. cxb5 axb5 21. e5 Nd7 22.
exd6 b4 23. Nd5 Bxd5 24. Qxd5 Qxa2 25. Be3 Bc3 26. Qc6 Qa7 27. Qc7 1-0

[Event "DRUZYNOWE MISTRZOSTWA POLSKI 2014 - SYGNITY EKSTRALIGA"]
[Site "Gorzow Wlkp, Wroclaw, Katowice"]
[Date "2014-00-00"]
[Round "5.12"]
[White "Kulon, Klaudia"]
[Black "Jaracz, Barbara"]
[Result "1/2-1/2"]
[WhiteTitle "WIM"]
[BlackTitle "WGM"]
[WhiteElo "2378"]
[BlackElo "2253"]

1. e4 e5 2. Nf3 Nc6 3. Bb5 a6 4. Ba4 Nf6 5. Bxc6 dxc6 6. d3 Bd6 7. Nbd2 Be6 8.
b3 Nd7 9. Bb2 c5 10. h3 Qe7 11. Qe2 f6 12. c3 O-O 13. O-O Rad8 14. a4 Nb8 15.
d4 cxd4 16. cxd4 exd4 17. Nxd4 c5 18. Nxe6 Qxe6 19. Nc4 Bc7 20. a5 Nc6 21. Rfd1
Rxd1+ 22. Rxd1 Nxa5 23. Nxa5 Bxa5 24. Rd5 Rd8 25. Qc4 Rxd5 26. exd5 Qd6 27. Ba3
b6 28. g3 Kf7 29. Bc1 g5 30. h4 Qe5 31. Be3 Kg7 32. hxg5 fxg5 33. Qd3 Bc3 34.
Qxa6 Qxd5 35. Qa7+ Kg8 36. Qb8+ Kg7 37. Qc7+ Kg8 38. Qb8+ Kg7 39. Qc7+ Kg8 40.
Qb8+ Kg7 1/2-1/2

[Event "DRUZYNOWE MISTRZOSTWA POLSKI 2014 - SYGNITY EKSTRALIGA"]
[Site "Gorzow Wlkp, Wroclaw, Katowice"]
[Date "2014-00-00"]
[Round "5.13"]
[White "Kolosowski, Mateusz"]
[Black "Dziuba, Marcin"]
[Result "1-0"]
[WhiteTitle "IM"]
[BlackTitle "GM"]
[WhiteElo "2471"]
[BlackElo "2567"]

1. d4 d5 2. c4 e6 3. Nf3 Nf6 4. g3 Bb4+ 5. Bd2 Be7 6. Bg2 O-O 7. O-O c6 8. Qc2
Nbd7 9. Bf4 b6 10. Rd1 Bb7 11. Nc3 dxc4 12. Nd2 Nd5 13. Nxc4 Nxf4 14. gxf4 Qc7
15. e3 Rac8 16. Rac1 Rfd8 17. a3 Nf8 18. f5 exf5 19. Qxf5 Qd7 20. Qh5 Qe8 21.
Ne5 f6 22. Qxe8 Rxe8 23. Nd3 Ng6 24. Nb5 cxb5 25. Bxb7 Rxc1 26. Rxc1 Bd6 27. Ba6
Ne7 28. Bxb5 Rc8 29. Rxc8+ Nxc8 30. Kg2 g5 31. h4 h6 32. e4 Kg7 33. f4 gxf4 34.
Kf3 Ne7 35. Nxf4 Ng6 36. Nh5+ Kf7 37. Bc4+ Ke7 38. Ng7 Nxh4+ 39. Kg4 Ng2 40. Nf5+
Kd7 41. Kf3 Ne1+ 42. Kf2 Nc2 43. Bb3 Na1 44. Ba4+ Ke6 45. Nxd6 Kxd6 46. Kg3 b5
47. Bd1 a5 48. Kg4 b4 49. Kf5 Ke7 50. axb4 axb4 51. d5 b3 52. d6+ Kxd6 53. Kxf6
Nc2 54. e5+ Kc5 55. e6 Nb4 56. Bxb3 Nc6 57. Ba4 Nb4 58. Ke5 Nd5 59. b4+ 1-0

[Event "DRUZYNOWE MISTRZOSTWA POLSKI 2014 - SYGNITY EKSTRALIGA"]
[Site "Gorzow Wlkp, Wroclaw, Katowice"]
[Date "2014-00-00"]
[Round "5.14"]
[White "Czarnota, Pawel"]
[Black "Kolago, Marcin"]
[Result "1-0"]
[WhiteTitle "GM"]
[BlackTitle "m"]
[WhiteElo "2529"]
[BlackElo "2338"]

1. d4 g6 2. e4 Bg7 3. Nc3 d6 4. g3 e5 5. d5 Ne7 6. Bg2 Nd7 7. Nge2 f5 8. exf5 Nxf5
9. Ne4 Nf6 10. Bg5 O-O 11. c3 Qe8 12. Bxf6 Bxf6 13. Qd3 a5 14. h4 b6 15. g4 Ba6
16. Qd2 Ne7 17. O-O-O Bg7 18. h5 Qb5 19. N2g3 Rf4 20. hxg6 hxg6 21. Ng5 Qa4 22.
Kb1 Raf8 23. N3e4 Bc8 24. f3 Bb7 25. b3 Qd7 26. c4 b5 27. Bf1 Rxe4 28. fxe4 Rf6
29. cxb5 a4 30. bxa4 Qxg4 31. Bh3 Qg3 32. Be6+ Rxe6 33. Nxe6 Bc8 34. Nxg7 Kxg7
35. Qh6+ Kf7 36. Qh7+ Ke8 37. Qh8+ Kd7 38. Qh3+ 1-0

[Event "DRUZYNOWE MISTRZOSTWA POLSKI 2014 - SYGNITY EKSTRALIGA"]
[Site "Gorzow Wlkp, Wroclaw, Katowice"]
[Date "2014-00-00"]
[Round "5.15"]
[White "Mulet, Piotr"]
[Black "Hera, Imre Jr."]
[Result "0-1"]
[WhiteTitle "FM"]
[BlackTitle "GM"]
[WhiteElo "2227"]
[BlackElo "2576"]

1. e4 c6 2. Nc3 d5 3. Nf3 Bg4 4. Be2 e6 5. d4 Nd7 6. O-O dxe4 7. Nxe4 Ngf6 8. Nxf6+
Nxf6 9. c4 Be7 10. h3 Bh5 11. Be3 O-O 12. Qb3 b5 13. g4 Bg6 14. Ne5 Be4 15. f3
bxc4 16. Qxc4 Bd5 17. Qa4 Qb8 18. b3 Rd8 19. f4 Qb6 20. Rac1 Rac8 21. Ba6 Rc7
22. Nd3 Ne4 23. Rc2 c5 24. dxc5 Nxc5 25. Nxc5 Bxc5 26. Rxc5 Rxc5 27. Rd1 Bc6 28.
Rxd8+ Qxd8 29. Qd4 Qxd4 30. Bxd4 Ra5 0-1

[Event "DRUZYNOWE MISTRZOSTWA POLSKI 2014 - SYGNITY EKSTRALIGA"]
[Site "Gorzow Wlkp, Wroclaw, Katowice"]
[Date "2014-00-00"]
[Round "5.16"]
[White "Gajek, Radoslaw"]
[Black "Wiewiora, Eneasz"]
[Result "1-0"]
[WhiteTitle "FM"]
[BlackTitle "k"]
[WhiteElo "2346"]
[BlackElo "2218"]

1. Nf3 Nf6 2. c4 e6 3. g3 b6 4. Bg2 Bb7 5. d4 Be7 6. O-O O-O 7. Nc3 Ne4 8. Nxe4
Bxe4 9. Ne1 Bxg2 10. Nxg2 c6 11. Bf4 d5 12. Rc1 Qd7 13. Ne3 Rc8 14. Qa4 dxc4 15.
Qxc4 b5 16. Qb3 Na6 17. Rfd1 Nb4 18. a3 Nd5 19. Ng4 f6 20. Bd2 h5 21. Ne3 Kf7
22. Ng2 Nb6 23. Qf3 g6 24. e4 Na4 25. Bc3 Rd8 26. Nf4 Nxc3 27. Qxc3 Rac8 28. Qb3
g5 29. Nxh5 Kg6 30. Qf3 Rh8 31. g4 Rh6 32. d5 cxd5 33. Rxc8 Qxc8 34. exd5 exd5
35. Rxd5 Qc1+ 36. Kg2 Qxb2 37. Qf5+ Kf7 38. Rxb5 Qd4 39. Rb7 a5 40. Ng3 a4 41.
Qf3 Qe5 42. Nf5 1-0

[Event "DRUZYNOWE MISTRZOSTWA POLSKI 2014 - SYGNITY EKSTRALIGA"]
[Site "Gorzow Wlkp, Wroclaw, Katowice"]
[Date "2014-00-00"]
[Round "5.17"]
[White "Raszka, Janusz"]
[Black "Kukula, Pawel"]
[Result "0-1"]
[WhiteTitle "k"]
[BlackTitle "k+"]
[WhiteElo "2101"]
[BlackElo "2266"]

1. d4 Nf6 2. Nf3 g6 3. c4 Bg7 4. Nc3 O-O 5. e4 d6 6. Bd3 c5 7. d5 e6 8. O-O exd5
9. exd5 Na6 10. Re1 Nc7 11. Bf4 a6 12. a4 b6 13. Qd2 Rb8 14. h3 b5 15. axb5 axb5
16. Bg5 bxc4 17. Bxc4 Rb4 18. b3 Bb7 19. Rad1 Qd7 20. Na2 Rb6 21. Qa5 Na8 22.
Nc3 Rb4 23. Na2 Rb6 24. b4 Qc7 25. Be3 Nd7 26. Bb5 Rc8 27. Nc1 Bc3 28. Bd2 cxb4
29. Re7 Qc5 30. Rxd7 Rxb5 31. Rd8+ Kg7 32. Rxc8 Rxa5 33. Rxc5 Rxc5 34. Bf4 Rxd5
35. Rxd5 Bxd5 36. Bxd6 b3 37. Ne2 Bf6 38. Nd2 b2 39. Bb4 Nb6 40. Nc3 Be6 41. Kf1
Nd5 42. Nxd5 Bxd5 43. f3 Ba2 44. Ke2 b1=Q 45. Nxb1 Bxb1 46. Ke3 Bb2 47. f4 f5
48. g3 Kf6 49. h4 Ke6 50. Bc5 Kd5 51. Bb6 Ba3 52. Ba5 Bc5+ 53. Kf3 Be4+ 54. Ke2
Bg2 55. Bc3 Ke4 56. Bd2 Bf3+ 57. Kf1 Bd4 58. Be1 Kd5 59. Ba5 Ke6 60. Bb4 Ke5 0-1

[Event "DRUZYNOWE MISTRZOSTWA POLSKI 2014 - SYGNITY EKSTRALIGA"]
[Site "Gorzow Wlkp, Wroclaw, Katowice"]
[Date "2014-00-00"]
[Round "5.18"]
[White "Czarnota, Dorota"]
[Black "Mareckova, Martina"]
[Result "1-0"]
[WhiteTitle "WIM"]
[BlackTitle "WFM"]
[WhiteElo "2208"]
[BlackElo "2097"]

1. d4 Nf6 2. c4 g6 3. Nc3 Bg7 4. e4 d6 5. Nge2 O-O 6. Ng3 e5 7. d5 Nbd7 8. Be2
a5 9. h4 h5 10. Bg5 Re8 11. Bxh5 gxh5 12. Nxh5 Nf8 13. Ne2 Bg4 14. Nxg7 Kxg7 15.
f3 Bh5 16. Qd2 N8d7 17. g4 Bg6 18. h5 Bh7 19. Bh6+ Kh8 20. g5 Rg8 21. O-O-O Nxe4
22. fxe4 Bxe4 23. Rhf1 Nc5 24. Qe3 Qe7 25. Ng3 Bh7 26. g6 Qh4 27. g7+ Rxg7 28.
Bxg7+ Kxg7 29. Nf5+ Bxf5 30. Rxf5 Qxc4+ 31. Kb1 Qe4+ 32. Qxe4 Nxe4 33. Rg1+ Kf8
34. Rg4 1-0

[Event "DRUZYNOWE MISTRZOSTWA POLSKI 2014 - SYGNITY EKSTRALIGA"]
[Site "Gorzow Wlkp, Wroclaw, Katowice"]
[Date "2014-00-00"]
[Round "5.19"]
[White "Leniart, Arkadiusz"]
[Black "Krasenkow, Michal"]
[Result "1-0"]
[WhiteTitle "IM"]
[BlackTitle "GM"]
[WhiteElo "2481"]
[BlackElo "2631"]

1. e4 Nf6 2. e5 Nd5 3. d4 d6 4. c4 Nb6 5. exd6 cxd6 6. Nc3 g6 7. Be3 Bg7 8. Rc1
O-O 9. b3 Nc6 10. Be2 e5 11. Nf3 Bg4 12. dxe5 dxe5 13. O-O f5 14. c5 Nd7 15. Ng5
Bxe2 16. Qxe2 f4 17. Ne6 Qe7 18. Nxf8 Rxf8 19. Qc4+ Qf7 20. Qxf7+ Rxf7 21. Bd2
Nxc5 22. f3 Nd4 23. Be1 e4 24. fxe4 Nxe4 25. Kh1 Nxc3 26. Rxc3 Nc6 27. Rd3 g5
28. Bc3 Bxc3 29. Rxc3 Re7 30. g3 fxg3 31. Rxg3 Rg7 32. Re3 h5 33. Re8+ Kh7 34.
Ref8 Nb4 35. R8f7 a6 36. a4 Nd3 37. R1f5 1-0

[Event "DRUZYNOWE MISTRZOSTWA POLSKI 2014 - SYGNITY EKSTRALIGA"]
[Site "Gorzow Wlkp, Wroclaw, Katowice"]
[Date "2014-00-00"]
[Round "5.20"]
[White "Piorun, Kacper"]
[Black "Kuzmicz, Krystian"]
[Result "1-0"]
[WhiteTitle "GM"]
[BlackTitle "IM"]
[WhiteElo "2532"]
[BlackElo "2457"]

1. e4 g6 2. d4 Bg7 3. Nf3 d6 4. Bc4 c6 5. Qe2 Nf6 6. O-O d5 7. exd5 cxd5 8. Bd3
Nc6 9. h3 O-O 10. c3 Bf5 11. Bxf5 gxf5 12. Bf4 Ne4 13. Na3 e6 14. Nc2 Re8 15.
Ne3 Ne7 16. g3 Ng6 17. Ng2 a6 18. Be3 b5 19. h4 f6 20. h5 Nh8 21. a4 Qd7 22. Ra2
Bf8 23. axb5 axb5 24. Rfa1 Rxa2 25. Rxa2 Nf7 26. Nd2 Nfd6 27. Nf4 Nc4 28. Nxe4
fxe4 29. Qg4+ Qg7 30. Qxg7+ Bxg7 31. Bc1 Bh6 32. b3 Nd6 33. Ra6 Nf5 34. g4 Bxf4
35. Bxf4 Nh4 36. Bd6 Nf3+ 37. Kg2 Nd2 38. Ra7 h6 39. Bf4 Nf3 40. Bxh6 Rc8 41.
Bg7 f5 42. Bf6 Rf8 43. g5 Rf7 44. Ra8+ 1-0

[Event "DRUZYNOWE MISTRZOSTWA POLSKI 2014 - SYGNITY EKSTRALIGA"]
[Site "Gorzow Wlkp, Wroclaw, Katowice"]
[Date "2014-00-00"]
[Round "5.21"]
[White "Shkapenko, Pavel"]
[Black "Dragun, Kamil"]
[Result "1/2-1/2"]
[WhiteTitle "IM"]
[BlackTitle "GM"]
[WhiteElo "2420"]
[BlackElo "2546"]

1. e4 c6 2. d4 d5 3. exd5 cxd5 4. Bd3 Nc6 5. c3 Qc7 6. Ne2 e6 7. Bf4 Bd6 8. Bxd6
Qxd6 9. Nd2 Nf6 10. Nf3 O-O 11. O-O Rb8 12. Ng3 b5 13. a3 a5 14. b4 e5 15. dxe5
Nxe5 16. Nd4 Bd7 17. Qd2 Qc7 18. Nb3 Rbc8 19. Rfc1 a4 20. Nc5 Bc6 21. f3 Nfd7
22. Nxd7 Bxd7 23. Ne2 Qb6+ 24. Nd4 Rfe8 25. Bf1 Qg6 26. Re1 h6 27. Re3 Nc4 28.
Rxe8+ Rxe8 29. Bxc4 dxc4 30. Re1 Kf8 31. Rxe8+ Bxe8 32. Qc1 Qd3 33. Kf2 Qg6 34.
Qf4 Bd7 35. Qc7 Ke8 36. Qe5+ Kf8 37. Qd5 Ke7 38. Qe4+ Kd6 39. Qxg6+ fxg6 40. f4
Kd5 41. Ke3 Be8 42. f5 Ke5 43. fxg6 Bd7 44. Nf3+ Kf5 45. Kd4 Kf4 46. Ne5 Be8 47.
Nf7 h5 48. Nd6 Bd7 49. Kc5 Ke3 50. Nxb5 Bxb5 51. Kxb5 Kd3 52. Kxa4 Kxc3 53. b5
Kd3 54. b6 c3 55. b7 c2 56. b8=Q c1=Q 57. Qd6+ Ke2 58. Qe5+ Kf2 59. Qxg7 Qc4+
60. Ka5 Qc5+ 61. Ka6 Qxa3+ 62. Kb5 Qb3+ 63. Kc5 Qa3+ 64. Kd5 Qb3+ 65. Ke4 Qe6+
66. Kd3 Qa6+ 67. Kc2 Qa4+ 68. Kc1 Qc4+ 69. Kb2 Qb4+ 70. Kc2 Qa4+ 71. Kd3 Qa6+
72. Ke4 Qe6+ 73. Kf4 Qg4+ 74. Ke5 Qe2+ 75. Kd5 Qa2+ 76. Kc5 Qa5+ 77. Kc4 Qa4+
1/2-1/2

[Event "DRUZYNOWE MISTRZOSTWA POLSKI 2014 - SYGNITY EKSTRALIGA"]
[Site "Gorzow Wlkp, Wroclaw, Katowice"]
[Date "2014-00-00"]
[Round "5.23"]
[White "Barwinski, Dionizy"]
[Black "Klim, Kamil"]
[Result "0-1"]
[WhiteTitle "FM"]
[BlackTitle "m"]
[WhiteElo "2081"]
[BlackElo "2316"]

1. d4 Nf6 2. c4 g6 3. Nc3 Bg7 4. Nf3 O-O 5. g3 d6 6. Bg2 Nc6 7. O-O a6 8. h3 Rb8
9. d5 Na5 10. Qd3 c5 11. e4 b5 12. Nd2 Nxc4 13. Nxc4 bxc4 14. Qxc4 Nd7 15. f4
a5 16. Qe2 Qb6 17. Re1 Ba6 18. Qc2 c4+ 19. Kh2 Nc5 20. Na4 Nxa4 21. Qxa4 c3 22.
b3 Bd4 23. Rd1 Bf2 24. e5 c2 25. Rd2 Qe3 26. Rxf2 Qxf2 27. Bb2 c1=Q 28. Bxc1 Rb4
29. Qa3 Rc8 0-1

[Event "DRUZYNOWE MISTRZOSTWA POLSKI 2014 - SYGNITY EKSTRALIGA"]
[Site "Gorzow Wlkp, Wroclaw, Katowice"]
[Date "2014-00-00"]
[Round "5.24"]
[White "Wisniowska, Klaudia"]
[Black "Gasik, Anna"]
[Result "1/2-1/2"]
[WhiteTitle "WFM"]
[BlackTitle "WIM"]
[WhiteElo "2198"]
[BlackElo "2233"]

1. e4 e5 2. Nf3 Nf6 3. Nxe5 d6 4. Nf3 Nxe4 5. d4 d5 6. Bd3 Nc6 7. O-O Be7 8. Nc3
Bf5 9. Re1 Nxc3 10. bxc3 Bxd3 11. Qxd3 O-O 12. Rb1 Na5 13. Bf4 c6 14. Ne5 f6 15.
Nf3 Qd7 16. Nd2 b5 17. Re3 Rfe8 18. Rh3 g6 19. Rg3 Kf7 20. h4 Nb7 21. h5 Rg8 22.
hxg6+ hxg6 23. Nb3 Bd6 24. Bxd6 Nxd6 25. Nc5 Qf5 26. Rf3 Qxd3 27. cxd3 Rad8 28.
Re1 Rge8 29. Rfe3 Nf5 30. Re6 Ng7 31. R6e3 Nf5 32. Re6 Ng7 33. R6e3 Nf5 1/2-1/2

[Event "DRUZYNOWE MISTRZOSTWA POLSKI 2014 - SYGNITY EKSTRALIGA"]
[Site "Gorzow Wlkp, Wroclaw, Katowice"]
[Date "2014-00-00"]
[Round "5.25"]
[White "Swiercz, Dariusz"]
[Black "Pakleza, Zbigniew"]
[Result "1/2-1/2"]
[WhiteTitle "GM"]
[BlackTitle "IM"]
[WhiteElo "2614"]
[BlackElo "2509"]

1. e4 d5 2. exd5 Qxd5 3. Nc3 Qd8 4. d4 Nf6 5. Nf3 Bg4 6. h3 Bxf3 7. Qxf3 c6 8.
Ne2 e6 9. g3 Qd5 10. Bg2 Nbd7 11. O-O Qxf3 12. Bxf3 Bd6 13. Rd1 O-O-O 14. Be3
Nb6 15. b3 Nbd5 16. Bd2 Ne7 17. c4 Nf5 18. Bc3 Bc7 19. Rd2 Rhe8 20. Rad1 Nd6 21.
Rd3 Nde4 22. Bb2 e5 23. dxe5 Rxd3 24. Rxd3 Bxe5 25. Ba3 Ng5 26. Bg2 Bd6 27. Bxd6
Rxe2 28. Bf4 Ne6 29. Bd2 Nc5 30. Bf1 Re8 31. Re3 Rd8 32. Bb4 Ne6 33. Bd3 c5 34.
Bc3 Nd4 35. Kg2 h6 36. Re5 b6 37. Bf5+ Kc7 38. Bxd4 cxd4 39. Re7+ Kd6 40. Rxf7
Kc5 41. Rxg7 d3 42. Bxd3 Rxd3 43. Rxa7 Rd2 44. Kf3 Kd4 45. Re7 Kc3 46. Re6 Nd7
47. Rxh6 Rxa2 48. Rd6 Ra7 49. h4 Kxb3 50. h5 Ne5+ 51. Kf4 Nxc4 52. Rd5 Ra2 53.
f3 Kc3 54. g4 Rh2 55. Kg5 Nd2 56. f4 Kc4 57. Rd8 Nf3+ 58. Kg6 Rh4 59. Kf5 Nd4+
60. Ke4 Nc6 61. Rd6 Kc5 62. Rd5+ Kc4 63. Rd6 Kc5 64. Rd5+ 1/2-1/2

[Event "DRUZYNOWE MISTRZOSTWA POLSKI 2014 - SYGNITY EKSTRALIGA"]
[Site "Gorzow Wlkp, Wroclaw, Katowice"]
[Date "2014-00-00"]
[Round "5.26"]
[White "Weichhold, Pawel"]
[Black "Bartel, Mateusz"]
[Result "0-1"]
[WhiteTitle "m"]
[BlackTitle "GM"]
[WhiteElo "2394"]
[BlackElo "2652"]

1. e4 c5 2. Nf3 Nc6 3. d4 cxd4 4. Nxd4 Nf6 5. Nc3 d6 6. g3 e5 7. Nde2 Be7 8. Bg2
O-O 9. O-O Rb8 10. b3 b5 11. Bb2 Qb6 12. h3 Nd8 13. Kh2 b4 14. Nb1 a5 15. c4 Ne6
16. Nd2 a4 17. Rb1 a3 18. Bc1 Bb7 19. f3 h5 20. Rh1 h4 21. g4 Nf4 22. Nf1 Nxg2
23. Kxg2 Nxe4 24. Be3 Qc6 25. Nh2 f5 26. Rf1 Ng3 27. Rf2 f4 28. Bd2 d5 29. cxd5
Qxd5 0-1

[Event "DRUZYNOWE MISTRZOSTWA POLSKI 2014 - SYGNITY EKSTRALIGA"]
[Site "Gorzow Wlkp, Wroclaw, Katowice"]
[Date "2014-00-00"]
[Round "5.27"]
[White "Mastrovasilis, Dimitrios"]
[Black "Brodowski, Piotr"]
[Result "1-0"]
[WhiteTitle "GM"]
[BlackTitle "m"]
[WhiteElo "2605"]
[BlackElo "2428"]

1. e4 c5 2. Nf3 Nc6 3. d4 cxd4 4. Nxd4 Nf6 5. Nc3 e5 6. Ndb5 d6 7. Bg5 a6 8. Na3
b5 9. Bxf6 gxf6 10. Nd5 f5 11. g3 fxe4 12. Bg2 Bf5 13. O-O Bg7 14. Re1 O-O 15.
Bxe4 Bg6 16. c3 Ra7 17. Bxg6 hxg6 18. Nc2 a5 19. a4 Rb7 20. Nce3 e4 21. Nf4 Re8
22. Nxg6 bxa4 23. Re2 d5 24. Nh4 d4 25. cxd4 Nxd4 26. Rd2 Qf6 27. Qxa4 Reb8 28.
Rf1 Rb4 29. Qa2 Qe6 30. Qxa5 Bf6 31. Rfd1 R4b5 32. Qc7 Rc8 33. Qa7 Nc6 34. Qa6
Ra5 35. Qc4 Bxh4 36. Qxe6 fxe6 37. gxh4 Kf7 38. Rd7+ Kf6 39. Ng4+ Kf5 40. Ne3+
Kf6 41. Ng4+ Kf5 42. Rg7 Kf4 43. Kg2 Rf8 44. h3 Ne5 45. Nxe5 Kxe5 46. h5 Rb5 47.
Rd2 Kf6 48. Rg6+ Kf5 49. h4 Rb6 50. Rc2 Rb3 51. Rg3 Rd3 52. Rc5+ Kf4 53. h6 Rxg3+
54. fxg3+ Ke3 55. h7 Rh8 56. Rc7 Kd2 57. Rd7+ Ke1 58. g4 e3 59. g5 e2 60. g6 Rf8
61. Rf7 Kd2 62. Rxf8 e1=Q 63. h8=Q Qe4+ 64. Rf3 Qg4+ 65. Kf2 1-0

[Event "DRUZYNOWE MISTRZOSTWA POLSKI 2014 - SYGNITY EKSTRALIGA"]
[Site "Gorzow Wlkp, Wroclaw, Katowice"]
[Date "2014-00-00"]
[Round "5.28"]
[White "Czakon, Jakub"]
[Black "Moranda, Wojciech"]
[Result "1/2-1/2"]
[WhiteTitle "IM"]
[BlackTitle "GM"]
[WhiteElo "2472"]
[BlackElo "2593"]

1. e4 d6 2. d4 Nf6 3. Nc3 e5 4. Nf3 Nbd7 5. Bc4 Be7 6. O-O O-O 7. a4 c6 8. Re1
a5 9. b3 Nb6 10. Be2 exd4 11. Nxd4 d5 12. e5 Ne8 13. Bd3 g6 14. Nf3 Ng7 15. Ne2
Nd7 16. c3 Nc5 17. Bc2 Bg4 18. Nfd4 Qc7 19. h3 Bd7 20. Ng3 Rae8 21. Bh6 Bd8 22.
Nf3 f6 23. exf6 Bxf6 24. Qd2 Qb6 25. Nd4 Nce6 26. Nge2 Rf7 27. Be3 Qd8 28. Nxe6
Nxe6 29. Rad1 Ng5 30. Ng3 Ref8 31. f4 Nxh3+ 32. gxh3 Bxh3 33. Bc5 Be7 34. Bxe7
Rxe7 35. f5 Rg7 36. fxg6 hxg6 37. Qe3 Rgf7 38. Rd3 Qh4 39. Bd1 Bd7 40. Qe5 Rf2
41. Nf1 R2f5 42. Qe3 Rg5+ 43. Ng3 Bf5 44. Rf1 Be4 45. Rxf8+ Kxf8 46. Qc5+ Ke8
47. Qd6 Bxd3 48. Qb8+ Kf7 49. Qc7+ Ke6 50. Qc8+ Ke7 51. Qc7+ Ke6 1/2-1/2